000 00657nam a2200265Ia 4500
003 OSt
005 20221006144359.0
006 a|||||r|||| 00| 0
007 ta
008 221006b |||||||| |||| 00| 0 eng d
020 _c75.00
024 _a11,548
037 _cTextual
040 _aEASL
_cEASL
_beng
041 _2eng
_aeng
082 _aU8.4497.N2, L7
100 _aRONALDSHAY
245 0 _aHimalayan Bhutan Sikhim and Tibet
260 _aDelhi
_bEss Ess Pub. India
_c1977
300 _a266p.
_ccm.
490 _v Gen
650 _aGen
942 _hU8.4497.N2, L7
_cTEXL
_2CC
999 _c1079634
_d1079634